• 首页
  • 本馆介绍
  • 公告通知
  • 最新文献
  • 馆藏检索
  • 电子资源
  • 读者导购
  • 参考咨询
  • 我的图书馆
  • 登录
  • 详细信息显示
  • 放入我的书架
  • 预约/预借图书
  • 作者相关作品
  • 分类相关作品
  • 丛书相关作品
  • 出版社相关作品

书目信息

  • 表格格式
  • 工作单格式
  • 卡片格式
题名:
化工技术基础实验
    
 
作者: 朱兆友 , 汝绍刚 , 朱庆书 编
分册:  
出版信息: 北京   化学工业出版社  2009.9
页数: 71页
开本: 26cm
丛书名:
单 册:
中图分类: TQ016
科图分类:
主题词: 化学工程--化学实验--高等教育--教材
电子资源:
ISBN: 978-7-122-06314-4
000 01092nam0 2200265 45
001 311927
005 20130606163523.35
010    @a978-7-122-06314-4@dCNY12.00
100    @a20130606d2009 em y0chiy0110 ea
101 0  @achi
102    @aCN@b110000
105    @aak z 000yy
106    @ar
200 1  @a化工技术基础实验@AHua Gong Ji Shu Ji Chu Shi Yan@f朱兆友,汝绍刚,朱庆书编@FZhu Zhao You, Ru Shao Gang, Zhu Qing Shu Bian
210    @a北京@c化学工业出版社@d2009.9
215    @a71页@c图表@d26cm
300    @a高等学校教材
330    @a本书包括6个基本实验(流体力学综合实验、传热综合实验、螺旋板换热器传热系数测定、精馏综合实验、填料塔吸收脱吸综合实验、干燥速率曲线的测定),2个设计实验(管路设计与安装实验、精馏设计实验),3个演示实验(柏努利方程实验、边界层分离实验、雷诺数演示实验)及2个选做实验(过滤实验和热管传热实验)。
606 0  @a化学工程@x化学实验@x高等教育@j教材
690    @aTQ016@v5
701  0 @a朱兆友@AZhu Zhao You@4编
701  0 @a汝绍刚@ARu Shao Gang@4编
701  0 @a朱庆书@AZhu Qing Shu@4编
801    @aCN@bTANGWEI@c20130523
905    @b0836074-76@dTQ016@e217@f3
    
    化工技术基础实验/朱兆友,汝绍刚,朱庆书编.-北京:化学工业出版社,2009.9
    71页:图表;26cm
    高等学校教材
    
    ISBN 978-7-122-06314-4:CNY12.00
    本书包括6个基本实验(流体力学综合实验、传热综合实验、螺旋板换热器传热系数测定、精馏综合实验、填料塔吸收脱吸综合实验、干燥速率曲线的测定),2个设计实验(管路设计与安装实验、精馏设计实验),3个演示实验(柏努利方程实验、边界层分离实验、雷诺数演示实验)及2个选做实验(过滤实验和热管传热实验)。
●
相关链接 在E读中查询图书 在五车中查询图书 在当当中查询图书 在豆瓣中查询图书


正题名:化工技术基础实验     索取号:TQ016/217         预约/预借

序号 登录号 条形码 馆藏地/架位号 状态 备注
1 0836074   208360744   第二样本阅览室/ [索取号:TQ016/217] 在馆    
2 0836075   208360753   密集书库-化学系/ [索取号:TQ016/217] 在馆    
3 0836076   208360762   第三借阅区/ [索取号:TQ016/217] 在馆    
唐山师范学院图书馆 欢迎您!
大连网信软件有限公司© 版权所有